|
|
|
|
| LEADER |
00791naa a2200181 i 4500 |
| 001 |
acta63399 |
| 005 |
20260224081030.0 |
| 008 |
200114s2016 hu o 000 hun d |
| 020 |
|
|
|a 978-963-12-5164-7
|
| 040 |
|
|
|a SZTE Egyetemi Kiadványok Repozitórium
|b hun
|
| 041 |
|
|
|a hun
|
| 100 |
1 |
|
|a Fejes József Balázs
|
| 245 |
1 |
0 |
|a Szegregál-e a tanoda?
|h [elektronikus dokumentum] /
|c Fejes József Balázs
|
| 260 |
|
|
|c 2016
|
| 300 |
|
|
|a 171-179
|
| 490 |
0 |
|
|a Mire jó a tanoda?: a TanodaPlatform keretében összegyűjtött innovációk, kutatások, történetek
|
| 695 |
|
|
|a Hátrányos helyzet - oktatásügy, Felzárkóztatás - általános iskola, Cigányok nevelése - Magyarország - oktatáspolitika
|
| 856 |
4 |
0 |
|u http://acta.bibl.u-szeged.hu/63399/1/mire_jo_a_tanoda_171-179.pdf
|z Dokumentum-elérés
|